LEADER 01256nam a2200277 4500 001 000000363342 003 CaOOAMICUS 005 20260113124956.0 008 250624s2017 it 000 u ita r 020 $a978-88-222-6548-7 040 $aSeMil$bita 100 0 $aPhotius : Constantinopolitanus,$d.$0(OLS)http://semarc/name/9882 240 10$aEpistola ad Michaelem Bulgarorum regem.$0(OLS)http://semarc/title/454525 245 13$aLa formazione del principe :$bmassime sull'esercizio del potere /$cFozio ; introduzione, traduzione e note a cura di Lucio Coco. 264 1$aFirenze :$bOlschki,$c2017. 300 $a54 p. ;$c17 cm 650 4$aPotere - Filosofia politica.$0(OLS)http://semarc/subject/3154 700 1 $aCoco, Lucio,$d<1961- >.$0(OLS)http://semarc/name/44709 850 $aSeMil 852 $aSeMil$W1$xVenegono$y1$m5B VIII 5/30$j259342$B254206$CSeMilBibl$Z2$F254206 $81 900 0 $aFozio. 996 $6020$a978-88-222-6548-7$9(OLS)http://semarc/number/303484 996 $6245$aLa formazione del principe :$bmassime sull'esercizio del potere$9(OLS)http://semarc/title/454524 996 $6264$aFirenze :$bOlschki$9(OLS)http://semarc/publisher/30137 LEADER 01366nam a2200289 i 4500 001 000000257471 003 CaOOAMICUS 005 20180228000000.0 008 180228s2014 it u000 u ita u 013 $a236379 020 $a978-88-01-05662-4 040 $aSeMil$bita 100 1 $aTaroni, Massimiliano,$c.$0(OLS)http://semarc/name/82064 245 10$aSan Michele Garicoïts :$bfondatore della Congregazione del Sacro Cuore di Gesù di Bétharram /$cMassimiliano Taroni. 260 $aGorle :$bVelar,$c2014. 300 $a47 p. :$bill. ;$c21 cm. 490 0 $aCollana blu "Messaggeri d'amore" protagonisti della fede ;$v383 500 $aOmaggio card. Dionigi Tettamanzi. 600 14$aGaricoïts, Michele .$0(OLS)http://semarc/subject/45595 830 0$aCollana blu : messaggeri d'amore, protagonisti della fede ;$v383.$0(OLS)http://semarc/title/38058 850 $aSeMil 852 $aSeMil$W1$xVenegono$y1$m5B III 50/4$j207817$B207817$CSeMilBibl$Z2$F221764 $81 941 1 $a5 961 $aLascito: Tettamanzi Card. Dionigi 996 $6020$a978-88-01-05662-4$9(OLS)http://semarc/number/282254 996 $6245$aSan Michele Garicoïts :$bfondatore della Congregazione del Sacro Cuore di Gesù di Bétharram$9(OLS)http://semarc/title/412871 996 $6260$aGorle :$bVelar$9(OLS)http://semarc/publisher/33489